000 00839nam a2200205Ia 4500
999 _c39183
_d39183
001 5768
003 GE_BSU
005 20190503123302.0
008 181216s1971||||ge |||||||||||||| ||geo||
040 _cGE_BSU
041 _ageo
080 _a625.2(075.8) რ-76
100 _aროინიშვილი, ი.
_9672
245 _aსავაგონო მეურნეობა :
_bსახელმძღვ. /
_cი. როინიშვილი ; რედ.ზ.ჯიბლაძე.
264 _aთბილისი :
_bგანათლება,
_c1971.
300 _a316 გვ. :
_bნახაზები, დანართები ;
_c22 სმ.
653 _aსავაგონო მეურნეობა
700 _aჯიბლაძე, ზ.
_eრედაქტორი
_9673
942 _cBK
_2udc